Innovacijalik klasterlerdin Kazakstan ekonomikasin damitudagi roli men manizdiligi
Salvato in:
| Autore principale: | |
|---|---|
| Altri autori: | |
| Natura: | Capitolo di libro |
| Lingua: | kazako |
| Soggetti: | |
| Tags: |
Nessun Tag, puoi essere il primo ad aggiungerne!!
|
MARC
| LEADER | 00000naa$a2200000$$$4500 | ||
|---|---|---|---|
| 001 | 0310751 | ||
| 005 | 20250612081055.3 | ||
| 041 | 0 | |a kaz | |
| 044 | |a KZ | ||
| 245 | 1 | 0 | |a Innovacijalik klasterlerdin Kazakstan ekonomikasin damitudagi roli men manizdiligi |c Nurlan Serikuly Dosmaganbetov, Elena Kašťáková |
| 610 | 2 | 0 | |a klaster |
| 610 | 2 | 0 | |a obchod medzinárodný |
| 610 | 2 | 0 | |a ekonomika inovatívna |
| 610 | 2 | 0 | |a Kazachstan |
| 100 | 1 | |a Dosmaganbetov, Nurlan Serikuly | |
| 700 | 1 | |a Kašťáková, Elena, 1974- | |